00818pam a2200253 a 4500001000800000005001700008008004100025010001700066020003600083020003500119040001800154041000800172043001200180080001800192082002200210100000700232101000800239245007500247504005100322906004500373942001200418999001700430952011700447212714020180309080417.0971202s1998 ncu b 001 0 eng  a 97044269  a0807824224 (cloth : alk. paper) a0807847232 (pbk. : alk. paper) aDLCcDLCdDLC aeng an-us--- a320.97309 WOO00a320.97309 WOO2211 a20 aPOL14aThe creation of the American Republic, 1776-1787 /cby Gordon S. Wood. aIncludes bibliographical references and index. a7bcbccorignewd1eocipf19gy-gencatlg 2ddccBK c44608d44608 00102udc40708PËKGa002b002cPËKGd2018-03-09l0o320.97309 WOOp002-3001469r2018-03-09w2018-03-09yBK